Statistics for Poland Euro 2021 Squad

Click here to take the quiz!

General Stats

  • This quiz has been taken 24 times
  • The average score is 22 of 26

Answer Stats

PositionClubPlayer% Correct
FWBayern MunichRobert Lewandowski
100%
GKJuventusWojciech Szczesny
100%
FWOlympique MarseilleArkadiusz Milik
94%
MFBrighton & Hove AlbionJakub Moder
94%
DFSouthamptonJan Bednarek
94%
DFBeneventoKamil Glik
94%
GKBolognaLukasz Skorupski
94%
MFLeeds UnitedMateusz Klich
94%
MFNapoliPiotr Zielinski
94%
MFLokomotiv MoscowGrzegorz Krychowiak
88%
MFDerby CountyKamil Jozwiak
88%
GKWest Ham UnitedLukasz Fabianski
88%
DFLokomotiv MoscowMaciej Rybus
88%
DFSampdoriaBartosz Bereszynski
82%
FWFortuna DusseldorfDawid Kownacki
82%
FWPAOKKarol Swiderski
82%
MFNorwich CityPrzemyslaw Placheta
82%
MFTorinoKarol Linetty
76%
DFBarnsleyMichal Helik
76%
DFDynamo KyivTomasz Kedziora
76%
DFLech PoznanTymoteusz Puchacz
76%
MFPogon SzczecinKacper Kozlowski
71%
MFChicago FirePrzemyslaw Frankowski
71%
DFRakow CzestochowaKamil Piatkowski
65%
FWPiast GliwiceJakub Swierczok
59%
MFHellas VeronaPawel Dawidowicz
59%

Score Distribution

Percentile by Number Answered

Percent of People with Each Score

Your Score History

You have not taken this quiz